00649nam a2200193Ia 4500008004100000020001800041082001400059100003800073245003300111250000800144260004200152300001800194500001900212600002100231650005000252942000700302952012900309999001700438240925s9999 xx 000 0 und d a9788177587654 a006.6 HEA aHearn, Donald ; Baker, M. Pauline 0aComputer Graphics: C version a1st aNew Delhi:bPearson Educationc,2014. a327p.bNAfNA aIncludes Index aComputer Science aComputer science, information & general works cBK 001040708CSaUITUbUITUd2015-12-01eAlliance Book Co.g987.75l0o006.6 HEApQ10553r2024-09-25 07:15:45w2024-09-25yBK c13052d13052